Statystyki dla Test z historii

Kliknij tutaj aby rozwiązać quiz!

Ogólne statystyki

  • Ten quiz został rozwiązany 312 razy
  • Średni wynik to 10 z 20

Statystyki odpowiedzi

ZagadnienieOdpowiedź% Poprawnych
Szósty,najsłynniejszy król z I dynastii z Babilonu to?Hammurabi
91%
Pierwszy król Rzymu, także jego legendarny założyciel to?Romulus
78%
W którym roku zawarto unię lubelską?1569
68%
Jak inaczej nazwać bitwę nad Wołgą?Bitwa o Stalingrad
66%
Jaką rzekę przekroczył Juliusz Cezar mówiąc "kości zostały rzucone"?Rubikon
60%
Jak nazywa się odpowiedniczka Greckiej Artemidy w mitologi Rzymskiej?Diana
58%
Jak nazywał się pierwszy cesarz Chin?Qin Shi Huang
58%
Nad którym państwem nigdy nie zachodziło podobno słońce?Wielka Brytania
56%
Która dynastia saska panowała w Polsce w latach 1697-1763?Wettynowie
54%
Kto zastrzelił austro-węgierskiego arcyksięcia Franciszka Ferdynanda?Gawriło Principa
53%
Skąd wywodził się wódź który chciał wjechać do Rzymu na słoniach?Tunezja
51%
W którym roku wydarzyła się "herbatka bostońska" w USA?1773
49%
Kiedy III Rzesza wypowiedziała wojnę ZSRR?22 czerwca 1941
49%
W którym roku Normanowie zajęli Londyn?1066
45%
Kiedy ostatecznie zniesiono wszystkie tytuły samurajskie?1871
45%
Jak nazywa się największa operacja z udziałem wojsk powietrznodesantowych, przeprowadzona przez aliantów we wrześniu 1944 roku na terytorium okupowanej Holandii?Operacja Market Garden
40%
Jak się nazywał pierwszy władca dynastii RurykowiczówRuryk I
36%
Kto wypowiedział te słowa "Venimus, vidimus, Deus vicit"?Jan III Sobieski
28%
W którym roku ostatecznie otwarto kanał Panamski?1920
22%
Kto rządził Rosją po śmierci Stalina?Ławrientij Pawłowicz Beria
19%

Rozkład punktacji

Percentyl według liczby udzielonych odpowiedzi

Procent ludzi z każdym wynikiem

Twoja historia wyników

Nie rozwiązałeś tego quizu